000 00344nam a2200145Ia 4500
008 150201s2001 xx 000 0 und d
082 _a617.6
_bA2001L
100 _aLIEBGETT,BERNARD
245 _aTHE ANATOMICAL BASIS OF DENTISTRY
250 _a2ND
260 _bMOSBY
_aDELHI
_c2001
300 _a1-546
650 _aANATOMY
942 _2ddc
_cBK
999 _c3561
_d3561